Cities by Aerial Photograph - Statistics

General Stats
  • This quiz has been taken 52 times
  • The average score is 6 of 15
Answer Stats
Picture Answer % Correct
New York City
87%
San Francisco Bay Area
72%
Seattle
63%
San Diego-Tijuana
54%
Boston
48%
New Orleans
41%
Washington, DC
41%
Detroit
37%
Orlando
37%
Denver
33%
Pittsburgh
33%
Albuquerque
26%
Madison
26%
St. Louis
26%
Jacksonville
22%
No matching quizzes found
Score Distribution
Percent of People with Each Score
Percentile by Number Answered
Your Score History
You have not taken this quiz